[Event "Oberliga Ost-A 0910"]
[Site "Germany"]
[Date "2009.11.14"]
[Round "2.7"]
[White "Spreng, Simon"]
[Black "Vieweg, Klaus"]
[Result "1/2-1/2"]
[WhiteElo "2218"]
[BlackElo "2098"]
[PlyCount "44"]
[EventDate "2009.10.18"]
[EventType "team-tourn"]
[EventRounds "11"]
[EventCountry "GER"]
[SourceTitle "EXT 2011"]
[Source "ChessBase"]
[SourceDate "2010.11.26"]
[SourceVersion "1"]
[SourceVersionDate "2010.11.26"]
[SourceQuality "1"]
[WhiteTeam "Loeberitz"]
[BlackTeam "Jena Schott"]
[WhiteTeamCountry "GER"]
[BlackTeamCountry "GER"]

1. c4 Nf6 2. g3 g6 3. Bg2 Bg7 4. Nf3 0-0 5. 0-0 c5 6. d4 cxd4 7. Nxd4 Nc6 8. Nc3 Nxd4 9. Qxd4 d6 10. Qd3 Rb8 11. Bd2 a6 12. Rac1 Bf5 13. e4 Bd7 14. Rfe1 b5 15. cxb5 axb5 16. h3 Qb6 17. b4 Rfc8 18. Bf1 Qa7 19. g4 h6 20. Be3 Qa3 21. Nxb5 Qxb4 22. Nc3 Qa3 1/2-1/2

[Event "Oberliga Ost-A 0910"]
[Site "Germany"]
[Date "2009.10.18"]
[Round "1.6"]
[White "Spreng, Simon"]
[Black "Bruening, Ulf Simeon"]
[Result "1-0"]
[WhiteElo "2218"]
[BlackElo "1977"]
[PlyCount "65"]
[EventDate "2009.10.18"]
[EventType "team-tourn"]
[EventRounds "11"]
[EventCountry "GER"]
[SourceTitle "EXT 2011"]
[Source "ChessBase"]
[SourceDate "2010.11.26"]
[SourceVersion "1"]
[SourceVersionDate "2010.11.26"]
[SourceQuality "1"]
[WhiteTeam "Loeberitz"]
[BlackTeam "Sangerhausen"]
[WhiteTeamCountry "GER"]
[BlackTeamCountry "GER"]

1. c4 e5 2. Nc3 d6 3. Nf3 f5 4. d4 e4 5. Ng5 Be7 6. Nh3 Nf6 7. e3 0-0 8. Be2 c6 9. Bd2 Na6 10. Qb3 Nc7 11. f3 Rb8 12. fxe4 Nxe4 13. Nxe4 fxe4 14. Nf2 Bf5 15. 0-0 Qd7 16. a4 Kh8 17. Qc2 d5 18. b4 a6 19. Rfc1 Rbc8 20. Qb3 Be6 21. c5 Ne8 22. b5 axb5 23. axb5 Nf6 24. Ra7 Rc7 25. Ba5 Bd8 26. Bxc7 Bxc7 27. bxc6 bxc6 28. Qb7 Ne8 29. Rf1 Qe7 30. Qxc6 Bg8 31. Ng4 Bxh2+ 32. Nxh2 Qxa7 33. Rxf8 1-0

[Event "Oberliga Ost-A 0809"]
[Site "Germany"]
[Date "2009.03.29"]
[Round "11.5"]
[White "Spreng, Simon"]
[Black "Zipfel, Frank"]
[Result "1-0"]
[WhiteElo "2221"]
[BlackElo "2178"]
[PlyCount "65"]
[EventDate "2008.10.12"]
[EventType "team-tourn"]
[EventRounds "11"]
[EventCountry "GER"]
[SourceTitle "EXT 2010"]
[Source "ChessBase"]
[SourceDate "2010.11.25"]
[SourceVersion "1"]
[SourceVersionDate "2010.11.25"]
[SourceQuality "1"]
[WhiteTeam "Loeberitz"]
[BlackTeam "Jena Jenapharm"]
[WhiteTeamCountry "GER"]
[BlackTeamCountry "GER"]

1. Nf3 d6 2. d4 f5 3. Nc3 Nf6 4. Bg5 Nbd7 5. e3 g6 6. Bc4 Bg7 7. Qe2 Nb6 8. Bb3 d5 9. Ne5 c6 10. f3 Qd6 11. e4 0-0 12. 0-0-0 e6 13. g4 Nfd7 14. Nxd7 Bxd7 15. e5 Qc7 16. Be7 Rf7 17. Bd6 Qd8 18. h4 Nc8 19. Ba3 b5 20. Bc5 Nb6 21. g5 a5 22. a4 b4 23. Na2 Bc8 24. Kb1 Ba6 25. Qh2 Nd7 26. Bd6 Nf8 27. f4 Qb6 28. h5 Raa7 29. Nc1 Rab7 30. Nd3 Bxd3 31. Rxd3 Qa7 32. hxg6 hxg6 33. Rh3 1-0

[Event "Oberliga Ost-A 0809"]
[Site "Germany"]
[Date "2009.03.01"]
[Round "8.6"]
[White "Spreng, Simon"]
[Black "Schirmer, Raik"]
[Result "0-1"]
[WhiteElo "2221"]
[BlackElo "2290"]
[PlyCount "84"]
[EventDate "2008.10.12"]
[EventType "team-tourn"]
[EventRounds "11"]
[EventCountry "GER"]
[SourceTitle "EXT 2010"]
[Source "ChessBase"]
[SourceDate "2010.11.25"]
[SourceVersion "1"]
[SourceVersionDate "2010.11.25"]
[SourceQuality "1"]
[WhiteTeam "Loeberitz"]
[BlackTeam "Leipzig Gohlis II"]
[WhiteTeamCountry "GER"]
[BlackTeamCountry "GER"]

1. c4 e5 2. Nc3 d6 3. Nf3 c5 4. e3 f5 5. d4 e4 6. Ng1 Nc6 7. Nh3 cxd4 8. exd4 Nf6 9. Be2 Be7 10. Be3 0-0 11. Qb3 Kh8 12. 0-0-0 a6 13. Kb1 Na5 14. Qc2 Bd7 15. Nf4 Rc8 16. b3 b5 17. c5 Qe8 18. Ncd5 Bd8 19. h4 Qf7 20. Nb4 Nc6 21. Nxa6 Ra8 22. d5 Nxd5 23. Rxd5 Rxa6 24. Qd2 Ba5 25. Qb2 Bd8 26. Bxb5 Bf6 27. Qd2 Ra3 28. cxd6 Rfa8 29. Rc1 Rxa2 30. Qxa2 Rxa2 31. Kxa2 Nb4+ 32. Ka3 Nxd5 33. Bc4 Qf8 34. Nxd5 Qxd6+ 35. b4 Be5 36. Bc5 Qc6 37. Nb6 Be8 38. Bd5 Qb5 39. Bc4 Qc6 40. Bd5 Qf6 41. Nc4 Qa6+ 42. Na5 Qe2 0-1

[Event "Oberliga Ost-A 0809"]
[Site "Germany"]
[Date "2008.11.30"]
[Round "3.6"]
[White "Spreng, Simon"]
[Black "Windelband, Jens"]
[Result "1-0"]
[WhiteElo "2221"]
[BlackElo "2189"]
[PlyCount "77"]
[EventDate "2008.10.12"]
[EventType "team-tourn"]
[EventRounds "11"]
[EventCountry "GER"]
[SourceTitle "EXT 2010"]
[Source "ChessBase"]
[SourceDate "2010.11.25"]
[SourceVersion "1"]
[SourceVersionDate "2010.11.25"]
[SourceQuality "1"]
[WhiteTeam "Loeberitz"]
[BlackTeam "Magdeburg Aufbau Elbe"]
[WhiteTeamCountry "GER"]
[BlackTeamCountry "GER"]

1. d4 f5 2. Nf3 Nf6 3. g3 d6 4. Bg2 g6 5. c4 Bg7 6. Nc3 0-0 7. 0-0 Qe8 8. d5 a5 9. Nd4 Na6 10. Rb1 Bd7 11. b3 c6 12. Bb2 Nc7 13. Qd2 cxd5 14. Nxd5 Nfxd5 15. cxd5 a4 16. Rfc1 Na6 17. bxa4 Nc5 18. a5 Qf7 19. Ne6 Bxb2 20. Rxb2 Bxe6 21. dxe6 Qf6 22. Rxb7 Nxb7 23. Bxb7 Rad8 24. Qd5 f4 25. f3 fxg3 26. hxg3 Qb2 27. Rc7 Rf5 28. Qd3 Kf8 29. Qe3 Rxa5 30. Qh6+ Qg7 31. Qxg7+ Kxg7 32. Rxe7+ Kf6 33. Rxh7 Kxe6 34. e4 Ke5 35. Bd5 Rc5 36. Kg2 Rc2+ 37. Kh3 Rb8 38. f4+ Kd4 39. Rg7 1-0

[Event "Oberliga Ost-A 0809"]
[Site "Germany"]
[Date "2008.10.12"]
[Round "1.5"]
[White "Poenisch, Eckehard"]
[Black "Spreng, Simon"]
[Result "1-0"]
[WhiteElo "2264"]
[BlackElo "2221"]
[PlyCount "51"]
[EventDate "2008.10.12"]
[EventType "team-tourn"]
[EventRounds "11"]
[EventCountry "GER"]
[SourceTitle "EXT 2010"]
[Source "ChessBase"]
[SourceDate "2010.11.25"]
[SourceVersion "1"]
[SourceVersionDate "2010.11.25"]
[SourceQuality "1"]
[WhiteTeam "Coswig"]
[BlackTeam "Loeberitz"]
[WhiteTeamCountry "GER"]
[BlackTeamCountry "GER"]

1. e4 Nf6 2. Nc3 d5 3. e5 Nfd7 4. f4 e6 5. Nf3 c5 6. g3 Nc6 7. d3 a6 8. Bg2 b5 9. 0-0 Bb7 10. f5 Be7 11. fxe6 fxe6 12. Bh3 0-0 13. Bxe6+ Kh8 14. Qe2 b4 15. Nd1 Rxf3 16. Qxf3 Nd4 17. Qf7 Nxe5 18. Qh5 Bf6 19. Bf4 Nxd3 20. cxd3 Nxe6 21. Be5 Bxe5 22. Qxe5 Qd7 23. Ne3 d4 24. Nf5 Ng5 25. h4 Qc6 26. Qxg7# 1-0